000 01820nam0a2200349 4500
001 RU\NLR\bibl\275621
005 20250620134055.0
021 _aRU
_b2002-4470
_9215
035 _a(NLR Aleph) 000271141
090 _a1585441
_c1585441
100 _a20020517d2001 |||y0rusy50 ca
101 0 _arus
102 _aRU
105 _aa |||||||||
200 1 _aКонструкторско-технологическое обеспечение эксплуатационной надежности авиационного радиоэлектронного оборудования
_fУчеб. пособие
_gМ-во образования Рос. Федерации, С.-Петерб. гос. ун-т аэрокосм. приборостроения
210 _aСПб.
_cСПбГУАП
_d2001
215 _a87 с.
_cил.
_d20
320 _aБиблиогр.: с. 85
606 0 _aБортовая радиоэлектронная аппаратура
_jРуководства, пособия и т.п. для высшей школы
_xНадежность
_92254215
_3RU\NLR\auth\661351954
606 0 _aБортовая радиоэлектронная аппаратура
_jУчебные издания для высшей школы
_xНадежность
_92254215
_3RU\NLR\auth\661351954
610 0 _aАвиационное радиооборудование - Надежности - Учет при проектировании
675 _a621.396(075.8)
_v3
_zrus
686 _a49.43
_2rugasnti
686 _a32.884я73
_2rubbk
686 _aО561.5-021.1я73-1
700 1 _aДмитриевский
_bЕ. С.
_gЕвгений Семенович
_4070
801 0 _aRU
_bRKP
_c20020517
_gPSBO
801 1 _aRU
_bRKP
_c20020517
801 2 _aRU
_bNLR
_c20040216
_grcr
942 _cBOOK
980 _aNB